Central Library OPAC University of Rajshahi

I know Tunisia / (Record no. 24003)

MARC details
000 -LEADER
fixed length control field 00700cam a22002411 4500
001 - CONTROL NUMBER
control field 24003
003 - CONTROL NUMBER IDENTIFIER
rucl marc code BD-RjUL
005 - DATE AND TIME OF LATEST TRANSACTION
control field 20211209001010.0
008 - FIXED-LENGTH DATA ELEMENTS--GENERAL INFORMATION
fixed length control field 140312s1943 nyucf 000 0 eng d
035 ## - SYSTEM CONTROL NUMBER
System control number (BD-RjUL)24068
040 ## - CATALOGING SOURCE
Original cataloging agency DLC
Transcribing agency N
Modifying agency OCoLC
-- DLC
-- BD-RjUL
Language of cataloging eng
041 ## - LANGUAGE CODE
Language code of text/sound track or separate title eng
082 04 - DEWEY DECIMAL CLASSIFICATION NUMBER
Classification number 916.11
Author mark and year MAI 1943
100 1# - MAIN ENTRY--PERSONAL NAME
Personal name Martin, Dahris.
9 (RLIN) 73918
245 10 - TITLE STATEMENT
Title I know Tunisia /
Statement of responsibility, etc. by Dahris, Martin
260 ## - PUBLICATION, DISTRIBUTION, ETC. (IMPRINT)
Place of publication, distribution, etc. New York :
Name of publisher, distributor, etc. I. Washburn, inc.,
Date of publication, distribution, etc. 1943
300 ## - PHYSICAL DESCRIPTION
Pagination xii, 270p. :
Illustrations illus. ;
Size 23 cm.
500 ## - GENERAL NOTE
General note At head of title: Dahris Martin.
651 #0 - SUBJECT ADDED ENTRY--GEOGRAPHIC NAME
Geographic name Qayrawān (Tunisia)
General subdivision Social life and customs.
9 (RLIN) 73919
942 ## - ADDED ENTRY ELEMENTS (KOHA)
Source of classification or shelving scheme Dewey Decimal Classification
Koha item type Books
Holdings
Lost status Source of classification or shelving scheme Damaged status Not for loan Collection code Permanent Location Current Location Shelving location Date acquired Source of acquisition Cost, normal purchase price Total Checkouts Full call number Date last seen Copy number Koha item type
  Dewey Decimal Classification   Added to bundle Non-fiction Central Library, University of Rajshahi Central Library, University of Rajshahi Reading Room 12/11/1966 Qurashi 14.40   916.11 MAI 1943 12/03/2014 C-1 Books